000 01122nam a22003257a 4500
003 CHAP
005 20220817042407.0
008 971013s1975 r 00010 d
010 _a43349
011 _a44321
035 _a48459
040 _cCHAP
082 _a634.928
_bF7
100 0 0 _aFrith, A. C.
_943494
245 _aManejo de bosques subtropicales húmedos en el norte de Salta.
260 _aSalta, Argentina :
_bInventario y Desrrollo Forestal del Norroeste Argentino,
_c1975
300 _a20 h.
_b: apénd.
490 _aFO:DP/ARG/70/536.Documento de trabajo
_v; 15
590 _aBATCH-UPD
_b10
_c20130110
_lUCH01
_h2132
590 _aBATCH-UPD
_b10
_c20130410
_lUCH01
_h1441
590 _aBATCH-UPD
_b10
_c20130914
_lUCH01
_h0713
590 _aCONVERSION
_b10
_c20130109
_lUCH01
_h1324
650 1 4 _aBosques
_xAdministración
_xArgentina.
_914007
650 1 4 _aBosques
_xArgentina.
_914055
650 1 4 _aPolítica forestal
_xArgentina.
_990567
830 0 _aFO: DP/ARG/70/536. Documento de trabajo
_v; 15
901 _aBK
942 _cLIBRO
949 _a634.928 F7
_bBC
_cLIBRO
_d-109733
_eLIBRO
_h9714
_i48459
_mD
_si
999 _c43349
_d43349